000 00292nam a22001337a 4500
008 171108b xxu||||| |||| 00| 0 eng d
020 _a9780073314976
041 _aeng
080 _24 ED
_a330.320
100 _a64
101 _aINV
245 _aINVESTMENTS
_cJORDAN.B.D
942 _2udc
_cBK
999 _c38213
_d38213